Rezervy, sociálny fond a technické zhodnotenie majetku z hľadiska internej kontroly a interného auditu v účtovných jednotkách

Autorka stručne informuje o okruhu problematík, ktorým sa venovala v rámci vedeckej činnosti v roku 2007 a prezentácii výsledkov na konferenciách a v časopisoch.

Salvato in:
Dettagli Bibliografici
Autore principale: Vépyová, Mária
Natura: Capitolo di libro
Lingua:slovacco
Soggetti:
Tags: Aggiungi Tag
Nessun Tag, puoi essere il primo ad aggiungerne!!

MARC

LEADER 00000naa$a2200000$$$4500
001 0075602
005 20240502071904.0
041 0 |a slo 
044 |a SK 
245 1 0 |a Rezervy, sociálny fond a technické zhodnotenie majetku z hľadiska internej kontroly a interného auditu v účtovných jednotkách  |c Mária Vépyová 
520 |a Autorka stručne informuje o okruhu problematík, ktorým sa venovala v rámci vedeckej činnosti v roku 2007 a prezentácii výsledkov na konferenciách a v časopisoch. 
610 2 0 |a účtovníctvo 
610 2 0 |a audítorstvo 
610 2 0 |a kontrola 
610 2 0 |a jednotka podnikateľská 
100 1 |a Vépyová, Mária